| 000 | 00654nam a22002417a 4500 | ||
|---|---|---|---|
| 003 | UA-OsUOA | ||
| 001 | 87410 | ||
| 007 | ta | ||
| 008 | 20120918b un ||||| |||| 00| 0 ukr d | ||
| 100 | _aВишеславський Л. | ||
| 090 |
_a821.161.2 _bВ 55 |
||
| 942 | _cBK | ||
| 040 |
_aUA-OsUOA _bukr _cUA-OsUOA _dUA-OsUOA |
||
| 245 | _aСковородинівське коло: Поезії | ||
| 300 | _a69 с. | ||
| 955 | _a3 | ||
| 041 | _aukr | ||
| 080 | _a821.161.2 | ||
| 020 | _a1-889240-27-3 | ||
| 260 |
_aК. _bСмолоскип _c1997 |
||
| 650 | 7 |
_a82 Література. Літературознавство _2UDC |
|
| 999 |
_c373713 _d373713 |
||